Management systems and their significance for European standardization

Prehľad normalizácie v Európskej únii. Zavádzanie systémov manažérstva v organizácii - dotazníkový prieskum medzi podnikmi zameraný na ich informovanosť o jednotlivých normách a systémoch, tiež na ich implementáciu.

Salvato in:
Dettagli Bibliografici
Autore principale: Karkalíková, Marta
Natura: Capitolo di libro
Lingua:inglese
Soggetti:
Tags: Aggiungi Tag
Nessun Tag, puoi essere il primo ad aggiungerne!!

MARC

LEADER 00000nla a2200000 4500
001 0238789
005 20240502083639.2
041 0 |a eng 
044 |a CZ 
245 1 0 |a Management systems and their significance for European standardization  |c Marta Karkalíková 
520 |a Prehľad normalizácie v Európskej únii. Zavádzanie systémov manažérstva v organizácii - dotazníkový prieskum medzi podnikmi zameraný na ich informovanosť o jednotlivých normách a systémoch, tiež na ich implementáciu. 
610 2 0 |a podnik 
610 2 0 |a systémy riadenia 
610 2 0 |a normalizácia 
610 2 0 |a štandardizácia 
610 2 0 |a normy 
610 2 0 |a normy ISO 
610 2 0 |a konkurencieschopnosť 
610 2 0 |a rast hospodársky 
610 2 0 |a Európska únia 
100 1 |a Karkalíková, Marta